|
|
|
|
| LEADER |
00684nam a22001577a 4500 |
| 020 |
|
|
|a 978-81-7446-747-8
|
| 082 |
|
|
|a 658.402
|b RAO/O
|
| 100 |
|
|
|a V. S. P. Rao
|9 169721
|
| 245 |
|
|
|a Organisational Behaviour
|
| 260 |
|
|
|a New Delhi
|b Excel Books
|c 2009
|
| 300 |
|
|
|a xiv+697p.
|
| 650 |
|
|
|a Organizational behavior
|9 169722
|
| 942 |
|
|
|c BK
|
| 999 |
|
|
|c 188135
|d 188131
|
| 952 |
|
|
|0 0
|1 0
|4 0
|6 658_402000000000000_RAO_O
|7 0
|8 NFIC
|9 187783
|a SMBS
|b SMBS
|c GEN
|d 2015-07-14
|g 375.00
|l 2
|o 658.402 RAO/O
|p SMBS2793
|r 2016-12-07
|s 2016-08-18
|w 2015-07-14
|y BK
|
| 952 |
|
|
|0 0
|1 0
|4 0
|6 658_402000000000000_RAO_O
|7 0
|8 NFIC
|9 187784
|a SMBS
|b SMBS
|c GEN
|d 2015-07-14
|g 375.00
|l 1
|o 658.402 RAO/O
|p SMBS3439
|r 2019-08-26
|s 2019-03-20
|w 2015-07-14
|y BK
|